| 000 | 00361nam a2200145Ia 4500 | ||
|---|---|---|---|
| 008 | 191201s2011 xx 000 0 und d | ||
| 082 |
_a624.183412 _bSIF |
||
| 100 | _aSINHA,NC | ||
| 245 | 0 | _aFundamentals of Prestressed Concrete | |
| 250 | _aRev | ||
| 260 |
_aN. Delhi _bS Chand and Co. Ltd. _c2011 |
||
| 300 | _a533 | ||
| 650 | _aB.Tech(CE) | ||
| 942 |
_2ddc _cBK |
||
| 999 |
_c5723 _d5723 |
||